000 00619nam a2200205Ia 4500
003 GCL
008 140319s9999 xx 000 0 ara d
040 _aGCL /
_cGCL
082 0 4 _a330.1543
_bم م
100 1 _aمحمد فتحى محمد على
245 1 0 _aمقدمة الاقتصاد الرياضى /
_cمحمد فتحى محمد على
700 1 _aفريد الحسين عبدالبديع
260 _a[S.N] :
_bمكتبة عين شمس
300 _a456 ص
490 _a
650 0 4 _aالاقتصاد
650 0 4 _aالرياضيات
650 0 4 _aالاقتصاد الرياضى
942 _2ddc
_cBK
999 _c54369
_d54369